00657 2200181 4500001002100000005001700021008004100038035002400079082001000103090001900113100001600132245017700148260005300325300004400378504002600422650000900448990001800457YOGYA-0213000000124020130227135254.0 ind  0010-021300000001240 a371.1 aSK 371.1 Sit M aSITI AMRITI aMonitoring kegiatan guru dalam mengumpulkan angka kredit kenaikan jabatan serta hambatan - hambatan yang dihadapi (studi deskriptif di kalangan guru SD..)coleh Siti Amriti aYogyakarta:bKantor departemen agama kota,c2005 aVII, 90 (68) lbr.:bIlus.,lamp.;c29 cm aBibliografi : lbr. 90 aGuru a44512-PD/A.12